NCAA Basketball Team Names - Statistics

General Stats
  • This quiz has been taken 15 times
  • The average score is 183 of 365
Answer Stats
Conference School Team Name % Correct
ACC Duke Blue Devils
92%
Big East Creighton Blue Jays
92%
America East Bryant Bulldogs
92%
Big East Butler Bulldogs
92%
ACC Louisville Cardinals
92%
ACC Boston College Eagles
92%
ACC Notre Dame Fighting Irish
92%
ACC Cal Golden Bears
92%
American Tulane Green Wave
92%
ACC Miami Hurricanes
92%
Big East UConn Huskies
92%
ACC SMU Mustangs
92%
ACC Syracuse Orange
92%
ACC Florida State Seminoles
92%
ACC UNC Tar Heels
92%
ACC Clemson Tigers
92%
America East Maine Black Bears
83%
American South Florida Bulls
83%
ACC Stanford Cardinal
83%
America East Vermont Catamounts
83%
ACC Wake Forest Demon Deacons
83%
Atlantic 10 Dayton Flyers
83%
Big East Providence Friars
83%
America East Albany Great Danes
83%
ACC Virginia Tech Hokies
83%
Big East Georgetown Hoyas
83%
American FAU Owls
83%
American Rice Owls
83%
American Temple Owls
83%
ACC Pitt Panthers
83%
American East Carolina Pirates
83%
Atlantic 10 Fordham Rams
83%
Atlantic 10 Rhode Island Rams
83%
Big East St. John's Red Storm
83%
American UTSA Roadrunners
83%
American Wichita State Shockers
83%
Big 10 Michigan State Spartans
83%
American Memphis Tigers
83%
ACC NC State Wolfpack
83%
ACC Georgia Tech Yellow Jackets
83%
American Charlotte 49ers
75%
American UAB Blazers
75%
Big East DePaul Blue Demons
75%
Atlantic 10 St. Bonaventure Bonnies
75%
ACC Virginia Cavaliers
75%
Big East Marquette Golden Eagles
75%
American Tulsa Golden Hurricane
75%
American North Texas Mean Green
75%
Big East Seton Hall Pirates
75%
Atlantic 10 Loyola Chicago Ramblers
75%
Atlantic 10 VCU Rams
75%
America East UMBC Retrievers
75%
Atlantic 10 Richmond Spiders
75%
Big 10 Maryland Terrapins
75%
Atlantic 10 Davidson Wildcats
75%
Big East Villanova Wildcats
75%
Big 10 Michigan Wolverines
75%
SEC Texas A&M Aggies
67%
Mountain West San Diego State Aztecs
67%
ASUN Central Arkansas Bears
67%
Big 12 Baylor Bears
67%
Atlantic 10 Saint Louis Billikens
67%
Big 10 Purdue Boilermakers
67%
Big 10 Ohio State Buckeyes
67%
Big 12 Colorado Buffaloes
67%
SEC Georgia Bulldogs
67%
SEC Vanderbilt Commodores
67%
Big 10 Nebraska Cornhuskers
67%
Big 12 BYU Cougars
67%
Big 12 Houston Cougars
67%
SEC Alabama Crimson Tide
67%
Big 12 Iowa State Cyclones
67%
ASUN Jacksonville Dolphins
67%
Big 10 Oregon Ducks
67%
ASUN FGCU Eagles
67%
Big 10 Illinois Fighting Illini
67%
SEC South Carolina Gamecocks
67%
SEC Florida Gators
67%
Big 10 Minnesota Golden Gophers
67%
ASUN Austin Peay Governors
67%
Big Sky Montana Grizzlies
67%
ASUN Stetson Hatters
67%
Big 10 Indiana Hoosiers
67%
Big 12 TCU Horned Frogs
67%
Big 12 Kansas Jayhawks
67%
SEC Texas Longhorns
67%
Big East Xavier Musketeers
67%
Big 10 Penn State Nittany Lions
67%
SEC Arkansas Razorbacks
67%
SEC Ole Miss Rebels
67%
Big 12 Texas Tech Red Raiders
67%
SEC Oklahoma Sooners
67%
Big 12 Arizona State Sun Devils
67%
SEC Auburn Tigers
67%
SEC LSU Tigers
67%
Big 10 USC Trojans
67%
Big 12 Utah Utes
67%
Big Sky Idaho Vandals
67%
SEC Tennessee Volunteers
67%
America East New Hampshire Wildcats
67%
Big 12 Arizona Wildcats
67%
Big 12 Kansas State Wildcats
67%
SEC Kentucky Wildcats
67%
Big 10 Wisconsin Badgers
58%
Big 12 Cincinnati Bearcats
58%
Big Sky Northern Colorado Bears
58%
CUSA Delaware Blue Hens
58%
Big Sky Montana State Bobcats
58%
Sun Belt Texas State Bobcats
58%
Big 10 UCLA Bruins
58%
West Coast Gonzaga Bulldogs
58%
ASUN Eastern Kentucky Colonels
58%
Big 12 Oklahoma State Cowboys
58%
Ivy Harvard Crimson
58%
Atlantic 10 Duquesne Dukes
58%
Big Sky Eastern Washington Eagles
58%
Big South Winthrop Eagles
58%
CAA Campbell Fighting Camels
58%
Big 10 Iowa Hawkeyes
58%
Atlantic 10 Saint Joseph's Hawks
58%
Big 10 Washington Huskies
58%
ASUN Bellarmine Knights
58%
Big 12 UCF Knights
58%
Mountain West New Mexico Lobos
58%
Big Sky Northern Arizona Lumberjacks
58%
Patriot Navy Midshipmen
58%
Big 12 West Virginia Mountaineers
58%
Atlantic 10 George Mason Patriots
58%
Sun Belt Louisiana Ragin' Cajuns
58%
Big West Hawai'i Rainbow Warriors
58%
Mountain West UNLV Rebels
58%
Sun Belt Arkansas State Red Wolves
58%
America East UMass Lowell River Hawks
58%
Big 10 Rutgers Scarlet Knights
58%
Sun Belt Marshall Thundering Herd
58%
Ivy Princeton Tigers
58%
SEC Missouri Tigers
58%
Big Sky Weber State Wildcats
58%
Big 10 Northwestern Wildcats
58%
MAC Akron Zips
58%
CUSA New Mexico State Aggies
50%
Mountain West Utah State Aggies
50%
Mountain West GCU Antelopes
50%
America East Binghamton Bearcats
50%
West Coast Oregon State Beavers
50%
Big Sky Idaho State Bengals
50%
Ivy Cornell Big Red
50%
Patriot Bucknell Bison
50%
Summit North Dakota State Bison
50%
Patriot Army Black Knights
50%
Big South Presbyterian Blue Hose
50%
CUSA Middle Tennessee State Blue Raiders
50%
MAC Ohio Bobcats
50%
Mountain West Boise State Broncos
50%
Missouri Valley Belmont Bruins
50%
Missouri Valley Drake Bulldogs
50%
Mountain West Fresno State Bulldogs
50%
SEC Mississippi State Bulldogs
50%
MAC Buffalo Bulls
50%
Sun Belt Coastal Carolina Chanticleers
50%
MAC Central Michigan Chippewas
50%
West Coast Washington State Cougars
50%
Mountain West Wyoming Cowboys
50%
Patriot Holy Cross Crusaders
50%
Sun Belt JMU Dukes
50%
Atlantic 10 La Salle Explorers
50%
MAC Bowling Green Falcons
50%
Mountain West Air Force Falcons
50%
CUSA Liberty Flames
50%
MAAC Iona Gaels
50%
Big West UC Santa Barbara Gauchos
50%
MAC Kent State Golden Flashes
50%
CUSA Western Kentucky Hilltoppers
50%
Big Sky Sacramento State Hornets
50%
Summit South Dakota State Jackrabbits
50%
MAAC Manhattan Jaspers
50%
Big South Longwood Lancers
50%
Ivy Columbia Lions
50%
CUSA UTEP Miners
50%
MAC UMass Minutemen
50%
Sun Belt Old Dominion Monarchs
50%
Sun Belt Appalachian State Mountaineers
50%
CUSA Kennesaw State Owls
50%
SoCon Furman Paladins
50%
CUSA FIU Panthers
50%
Sun Belt Georgia State Panthers
50%
MAAC Saint Peter's Peacocks
50%
Missouri Valley Murray State Racers
50%
Mountain West Colorado State Rams
50%
MAC Miami (OH) RedHawks
50%
Atlantic 10 George Washington Revolutionaries
50%
MAC Toledo Rockets
50%
Summit Kansas City Roos
50%
ASUN Queens Royals
50%
Big South Gardner-Webb Runnin' Bulldogs
50%
Mountain West San Jose State Spartans
50%
Missouri Valley Indiana State Sycamores
50%
SoCon Wofford Terriers
50%
Sun Belt Troy Trojans
50%
Big Sky Portland State Vikings
50%
Sun Belt UL Monroe Warhawks
50%
Mountain West Nevada Wolf Pack
50%
Big West UC Davis Aggies
42%
Big West UC Irvine Anteaters
42%
Big West Long Beach State Beach
42%
CUSA Sam Houston State Bearkats
42%
CUSA Missouri State Bears
42%
Ivy Brown Bears
42%
SoCon Mercer Bears
42%
Ivy Dartmouth Big Green
42%
MEAC Howard Bison
42%
NEC Central Connecticut State Blue Devils
42%
MAC Western Michigan Broncos
42%
Big South Charleston Southern Buccaneers
42%
CUSA Louisiana Tech Bulldogs
42%
Ivy Yale Bulldogs
42%
MAC Ball State Cardinals
42%
Summit South Dakota Coyotes
42%
West Coast San Francisco Dons
42%
CAA Drexel Dragons
42%
Ohio Valley Morehead State Eagles
42%
Sun Belt Georgia Southern Eagles
42%
West Coast Saint Mary's (CA) Gaels
42%
CUSA Jacksonville State Gamecocks
42%
Sun Belt Southern Miss Golden Eagles
42%
MAAC Canisius Golden Griffins
42%
SWAC Arkansas-Pine Bluff Golden Lions
42%
CAA Northeastern Huskies
42%
MAC Northern Illinois Huskies
42%
Sun Belt South Alabama Jaguars
42%
ASUN North Alabama Lions
42%
Ohio Valley Lindenwood Lions
42%
Big West Cal State Northridge Matadors
42%
Summit Omaha Mavericks
42%
Horizon Northern Kentucky Norse
42%
ASUN North Florida Ospreys
42%
Big South High Point Panthers
42%
Horizon Youngstown State Penguins
42%
Summit Denver Pioneers
42%
CAA Hampton Pirates
42%
Southland New Orleans Privateers
42%
Ivy Penn Quakers
42%
Missouri Valley Illinois State Redbirds
42%
Big West Cal State Bakersfield Roadrunners
42%
Missouri Valley Southern Illinois Salukis
42%
CAA UNC Wilmington Seahawks
42%
Big South USC Upstate Spartans
42%
Patriot Boston U Terriers
42%
Horizon Cleveland State Vikings
42%
West Coast Pepperdine Waves
42%
ASUN West Georgia Wolves
42%
ASUN Lipscomb Bisons
33%
MAAC Quinnipiac Bobcats
33%
West Coast Santa Clara Broncos
33%
MAAC Rider Broncs
33%
Big South UNC Asheville Bulldogs
33%
SoCon Samford Bulldogs
33%
Southland Lamar Cardinals
33%
Horizon Robert Morris Colonials
33%
NEC Chicago State Cougars
33%
Ohio Valley SIU Edwardsville Cougars
33%
Southland McNeese State Cowboys
33%
SWAC Mississippi Valley State Delta Devils
33%
Southland Northwestern State Demons
33%
MAC Eastern Michigan Eagles
33%
Missouri Valley UIC Flames
33%
Horizon Oakland Golden Grizzlies
33%
MEAC UMES Hawks
33%
America East NJIT Highlanders
33%
Big South Radford Highlanders
33%
Big West UC Riverside Highlanders
33%
MEAC Delaware State Hornets
33%
SWAC Alabama State Hornets
33%
Southland Houston Christian Huskies
33%
Southland Texas A&M-Corpus Christi Islanders
33%
SoCon VMI Keydets
33%
Ohio Valley Western Illinois Leathernecks
33%
Patriot Lafayette Leopards
33%
Southland Stephen F. Austin Lumberjacks
33%
SoCon Chattanooga Mocs
33%
Patriot Lehigh Mountain Hawks
33%
Big West Cal Poly Mustangs
33%
Horizon Milwaukee Panthers
33%
Missouri Valley Northern Iowa Panthers
33%
CAA Elon Phoenix
33%
West Coast Portland Pilots
33%
MAAC Sacred Heart Pioneers
33%
CAA Hofstra Pride
33%
Missouri Valley Evansville Purple Aces
33%
MAAC Niagara Purple Eagles
33%
Patriot Colgate Raiders
33%
SWAC Florida A&M Rattlers
33%
NEC Saint Francis (PA) Red Flash
33%
MAAC Marist Red Foxes
33%
Ohio Valley SEMO Redhawks
33%
MAAC Siena Saints
33%
CAA Stony Brook Seawolves
33%
NEC LIU Sharks
33%
Ohio Valley UT Martin Skyhawks
33%
SoCon UNC Greensboro Spartans
33%
WAC Tarleton State Texans
33%
CAA Towson Tigers
33%
Ohio Valley Tennessee State Tigers
33%
SWAC Grambling State Tigers
33%
SWAC Jackson State Tigers
33%
Big West Cal State Fullerton Titans
33%
Horizon Detroit Mercy Titans
33%
Summit St. Thomas (MN) Tommies
33%
CAA William & Mary Tribe
33%
Big West UC San Diego Tritons
33%
Ohio Valley Little Rock Trojans
33%
CAA North Carolina A&T Aggies
25%
MEAC Morgan State Bears
25%
Missouri Valley Bradley Braves
25%
MEAC SC State Bulldogs
25%
Southland Incarnate Word Cardinals
25%
CAA Charleston Cougars
25%
NEC Le Moyne Dolphins
25%
MEAC Coppin State Eagles
25%
MEAC NC Central Eagles
25%
Summit North Dakota Fighting Hawks
25%
Ohio Valley Tennessee Tech Golden Eagles
25%
Summit Oral Roberts Golden Eagles
25%
Horizon IU Indy Jaguars
25%
NEC Fairleigh Dickinson Knights
25%
Southland East Texas A&M Lions
25%
Southland Southeastern Louisiana Lions
25%
West Coast LMU Lions
25%
Horizon Purdue Fort Wayne Mastodons
25%
MAAC Mount St. Mary's Mountaineers
25%
Ohio Valley Eastern Illinois Panthers
25%
SWAC Prairie View A&M Panthers
25%
Horizon Green Bay Phoenix
25%
Ohio Valley Southern Indiana Screaming Eagles
25%
MEAC Norfolk State Spartans
25%
MAAC Fairfield Stags
25%
WAC Southern Utah Thunderbirds
25%
West Coast San Diego Toreros
25%
WAC Utah Tech Trailblazers
25%
Southland UTRGV Vaqueros
25%
MAAC Merrimack Warriors
25%
WAC Abilene Christian Wildcats
25%
WAC Utah Valley Wolverines
25%
Missouri Valley Valparaiso Beacons
17%
SWAC Alcorn State Braves
17%
SoCon The Citadel Bulldogs
17%
SWAC Alabama A&M Bulldogs
17%
NEC New Haven Chargers
17%
Southland Nicholls State Colonels
17%
Patriot American Eagles
17%
Patriot Loyola MD Greyhounds
17%
CAA Monmouth Hawks
17%
SWAC Southern Jaguars
17%
NEC Mercyhurst Lakers
17%
WAC Cal Baptist Lancers
17%
WAC UT Arlington Mavericks
17%
Horizon Wright State Raiders
17%
West Coast Seattle Redhawks
17%
NEC Wagner Seahawks
17%
NEC Stonehill Skyhawks
17%
SWAC Texas Southern Tigers
17%
West Coast Pacific Tigers
17%
SoCon East Tennessee State Buccaneers
8%
SoCon Western Carolina Catamounts
8%
SWAC Bethune-Cookman Wildcats
8%
No matching quizzes found
Score Distribution
Percent of People with Each Score
Percentile by Number Answered
Your Score History
You have not taken this quiz